| 000 | 00599nam a22001697a 4500 | ||
|---|---|---|---|
| 005 | 20260420144916.0 | ||
| 008 | 260420b |||||||| |||| 00| 0 eng d | ||
| 022 | _a978-93-89347-21-0 | ||
| 050 | _aQC 23 B 48 2025 | ||
| 100 | _aBHUYAN, RANJAN KUMAR | ||
| 245 | _aENGINEERING PHYSICS FOR DIPLOMA | ||
| 250 | _aEASTERN ECONOMY | ||
| 260 |
_aDELHI, _bPHI LEARNING PRIVATE LIMITED, _c2005, |
||
| 300 | _aXV, 458 P, ILL | ||
| 650 | _a1. Engineering physics-Textbooks 2. Applied physics-Textbooks 3. Optics-Textbooks 4. Electromagnetism-Textbooks 5. Quantum theory-textbooks | ||
| 942 |
_2lcc _cBK |
||
| 999 |
_c217024 _d217024 |
||